Colorín Colorado - Justin Quiles - Estadísticas

Estadísticas generales
  • Esta prueba ha sido intentada 30 veces
  • La puntuación promedio es 317 de 423
Estadísticas de respuestas
Letra % Correcto
a
100%
acá
100%
acabado
100%
colorado
100%
colorín
100%
de
100%
Ha
100%
ha
100%
se
100%
Se
100%
100%
cuento
94%
el
94%
El
94%
la
94%
La
94%
libro
94%
no
94%
No
94%
va
94%
cerró
88%
en
88%
nuestro
88%
Pa
88%
te
88%
y
88%
Y
88%
Andamo
81%
Be
81%
be
81%
cojone
81%
con
81%
contra
81%
llovido
81%
lo
81%
mi
81%
naturaleza
81%
que
81%
Que
81%
qué
81%
regresa
81%
ya
81%
Ya
81%
Yo
81%
yo
81%
Bebé
75%
bebé
75%
di
75%
Dicen
75%
eso
75%
está
75%
pasado
75%
pero
75%
Pero
75%
quise
75%
ti
75%
tu
75%
75%
Yeah
75%
yeah
75%
cabeza
69%
cora
69%
fué
69%
hay
69%
los
69%
mano
69%
me
69%
remordimiento
69%
sentimientos
69%
Si
69%
si
69%
fueron
63%
represa
63%
tiro
63%
acabó
56%
Oh
56%
oh
56%
por
56%
to
56%
aquí
50%
Ay
50%
cuenta
50%
estado
50%
Justin
50%
puñeta
50%
Quiero
50%
Quiles
50%
revisen
50%
tus
50%
un
50%
una
50%
allá
44%
Caducó
44%
final
44%
mami
44%
ni
44%
Porque
44%
quede
44%
seca
44%
vayan
44%
algo
38%
alguien
38%
chingamos
38%
como
38%
cuando
38%
damos
38%
Dímelo
38%
extinguió
38%
feliz
38%
Flow
38%
más
38%
nos
38%
nota
38%
pregunta
38%
recuerdo
38%
resentimientos
38%
Terminó
38%
vemos
38%
venga
38%
voy
38%
bebecita
31%
bien
31%
espartanos?
31%
estar
31%
felices
31%
forzar
31%
guerra
31%
luna
31%
media
31%
nena?
31%
podemos
31%
quedamos
31%
quiera
31%
quieres
31%
quisimos
31%
ser
31%
suframos
31%
ta
31%
vano
31%
BK
25%
Echemo
25%
llena
25%
Mike
25%
Slow
25%
uno
25%
Diver
19%
Jhon
19%
No se encontraron pruebas coincidentes
Distribución de puntuación
Porcentaje de gente con cada puntuación
Porcentaje por número respondido
Historial de tus puntuaciones
No has intentado esta prueba.